| 000 | 00469cam3a220018100 4500 | ||
|---|---|---|---|
| 001 | tmp15760156 | ||
| 003 | UPRA | ||
| 005 | 20190819091642.0 | ||
| 008 | 951023s1991 xx eng u | ||
| 035 | _a(Sirsi) r43787 | ||
| 035 | _a(UPRA)tmp15760156 | ||
| 040 | _cUPRA | ||
| 100 | 1 |
_aDahringer, L. D. _6A1504.1 |
|
| 245 | 1 | 0 |
_aInternational marketing : _ba global perspective. |
| 260 | _c1991. | ||
| 949 |
_aHF1416 _wlcc _i-53978 _mMAIN _tBOOK _lON-SHELF |
||
| 004 | 43787 | ||
| 999 |
_c95761 _d95761 |
||